Objective tests in english as foreing language
محفوظ في:
| المؤلف الرئيسي: | |
|---|---|
| التنسيق: | كتاب |
| اللغة: | Undetermined |
| منشور في: |
Londres, Inglaterra
MacMillan Education Limited
1971
|
| الطبعة: | 2 |
| الموضوعات: | |
| الوسوم: |
إضافة وسم
لا توجد وسوم, كن أول من يضع وسما على هذه التسجيلة!
|
MARC
| LEADER | 00000nam a2200000Ia 4500 | ||
|---|---|---|---|
| 008 | 170316s9999 xx 000 0 und d | ||
| 090 | |a 415-I B-11o | ||
| 100 | |a Bloor, Meriel et al. | ||
| 245 | |a Objective tests in english as foreing language | ||
| 250 | |a 2 | ||
| 260 | |a Londres, Inglaterra | ||
| 260 | |b MacMillan Education Limited | ||
| 260 | |c 1971 | ||
| 300 | |a 92 páginas | ||
| 650 | |a GRAMÁTICA INGLESA | ||
| 999 | |c 19293 |d 19293 | ||
| 040 | |a cru BVZT | ||
| 942 | |c 15 D |h 415-I B-11o |2 z | ||
